| 000 | 01007nam a22002897i 4500 | ||
|---|---|---|---|
| 003 | OSt | ||
| 005 | 20220117100113.0 | ||
| 008 | 161010b xxu||||| |||| 00| 0 eng d | ||
| 020 | _a0393976327 (pbk.) | ||
| 040 |
_erda _c0 _beng |
||
| 050 | 0 | 0 |
_aPS682 _b.S43 2002 |
| 082 | 0 | 0 |
_a808.4 _221 |
| 245 | 0 | 4 |
_aThe seagull reader. _pEssays / _cedited by Joseph Kelly. |
| 250 | _a1st ed. | ||
| 264 | 1 |
_aNew York : _bNorton, _c2002. |
|
| 300 |
_axxxii, 320 pages ; _c21 cm. |
||
| 336 |
_atext _btxt _2rdacontent |
||
| 337 |
_aunmediated _bn _2rdamedia |
||
| 338 |
_avolume _bnc _2rdacarrier |
||
| 650 | 0 | _aAmerican essays. | |
| 650 | 0 | _aEnglish essays. | |
| 650 | 0 | _aCollege readers. | |
| 700 | 1 |
_aKelly, Joseph, _d1962- |
|
| 906 |
_a7 _bcbc _corignew _d1 _eocip _f20 _gy-gencatlg |
||
| 942 |
_2lcc _cFR |
||
| 999 |
_c10812 _d10812 |
||